Film français : Le Crabe-Tambour - Statistiques

Statistiques générales
  • Ce quiz a été pris 9 fois
  • Le résultat moyen est 12 sur 22
Statistiques - réponses
Questions Réponses % Correct
Acteur jouant le rôle du Commandant. Jean Rochefort
100%
Animal que Wilsdorff conserve auprès de lui en quasi permanence. Un chat noir
88%
Récompense obtenue par le précédent. César du meilleur acteur
75%
Année de sortie du film. 1977
63%
Acteur franco-belge jouant le rôle du frère de Wilsdorff dans ce film-là et qui apparaît sur une photographie dans "Le Crabe Tambour". Bruno Cremer
63%
Dictateur philippin auprès de qui le soldat japonais Hirō Onoda déposa les armes en 1975. Ce soldat avait continué de se battre pendant trente ans, aux Philippines depuis la fin de la Seconde Guerre mondiale, ignorant royalement que son pays avait capitulé. Le film montre cette reddition à la télévision. Ferdinand Marcos
63%
Acteur jouant le rôle du "Chef", acteur qui recevra un prix à la même cérémonie que l'acteur incarnant le Commandant. Jacques Dufilho
63%
Acteur jouant le rôle du Lieutenant Willsdorff dit "Le Crabe Tambour". Jacques Perrin
63%
Événement survenu à Alger en 1961 dans lequel Willsdorff était impliqué jusqu'au cou et au cours duquel il obtint du Commandant la promesse - parole d'officier - de sa démission à la fin du conflit, démission qui lui sera refusée. Le Putsch des Généraux
63%
Ville du Viet Nam qui tombe aux mains des communistes à la fin du film (ancien nom de la ville). Saïgon
63%
Archipel français proche de l'île précédente où quelques scènes du film furent tournées. Saint-Pierre-et-Miquelon
63%
Acteur jouant le rôle de Pierre, le médecin ami de Willsdorff. Claude Rich
50%
Livre de l'Ancien Testament dont Willsdorff récite un extrait alors qu'il est prisonnier des Danakils (Chap. 3, versets 1 à 8) : "Il y a un temps fixé pour tout, un temps pour toute chose sous le ciel : Un temps pour naître, et un temps pour mourir ; un temps pour planter, et un temps pour arracher ce qui a été planté ; Un temps pour tuer, et un temps pour guérir ; un temps pour abattre, et un temps pour bâtir ; Un temps pour pleurer, et un temps pour rire ; un temps pour se lamenter, et un temps pour danser ; Un temps pour jeter des pierres, et un temps pour en ramasser ; un temps pour embrasser, et un temps pour s'abstenir d'embrassements. Un temps pour chercher et un temps pour perdre ; un temps pour garder, et un temps pour jeter ; Un temps pour déchirer, et un temps pour coudre ; un temps pour se taire, et un temps pour parler ; Un temps pour aimer, et un temps pour haïr ; un temps pour la guerre, et un temps pour la paix." L'Ecclésiaste
50%
Port d'Algérie où se sont retrouvés le "Commandant" et "Wilsdorff" et où ils ont eu ce long entretien au cours duquel le second convainquit le premier de donner sa démission à la fin du conflit. Ce port fut au début de la Seconde Guerre mondiale, le théâtre d'une attaque britannique contre des navires français alors même que les deux nations n'étaient pas en guerre. L'attaque tua 1 295 marins français. Mers el-Kebir
50%
Réalisateur et coscénariste du film. Il est également l'auteur original du roman éponyme. Pierre Schoendoerffer
50%
Île canadienne où Willsdorff s'est reconverti comme pêcheur en haute mer. Terre-Neuve
50%
Actrice jouant le rôle d'Aurore, prénom qu'elle porte également à la vie. Son personnage est infirmière sur l'archipel précédent. Aurore Clément
38%
Parabole de Jésus Christ citée dans le film, "la plus terrible de toutes" selon le Commandant. Selon le film, le respect d'une parole donnée serait un don de Dieu à faire fructifier, en vertu de cette parabole. La Parabole des Talents
38%
Officier de la marine française, historique "Crabe Tambour" qui, en opposition aux ordres qui lui ont été donnés, sauva, à la fin de la Guerre d'Indochine, quelque 1 600 Vietnamiens catholiques voulant fuir le communisme. Comme Willsdorff, il tenta de rejoindre la France sur un bateau particulier (réponse #8). Il a eu un rôle de conseiller pendant le tournage du film et s'est même retrouvé figurant. Pierre Guillaume
38%
Type de bateau sur lequel Willsdorff quitta l'Indochine pour rentrer en France. Une jonque
38%
Précédent film du même réalisateur dans lequel il avait créé le personnage du frère de Willsdorff. La 317e Section
25%
Contrée bretonne au sud de la Pointe du Raz où se situent Audierne, Plogoff et au large, l'Île de Sein. C'est la région d'où est originaire le "Chef" qu'il appelle le "Menton de la France". "Toutes les tempêtes de l'Atlantique tapent dessus" mais "ça ne bouge pas". Le Pays bigouden
25%
Aucun quiz correspondant
Distribution des résultats
% des personnes avec chaque résultat
Percentile par nombre de réponses
Votre historique - résultats
Vous n’avez pas pris ce quiz